| 000 | 00419nam a2200169 4500 | ||
|---|---|---|---|
| 001 | VA73134 | ||
| 003 | ES-SlBCS | ||
| 005 | 20210601155049.0 | ||
| 008 | 140520s1969 xxu||||| |||| 00| 0 spa d | ||
| 017 | _aSS-381-1969 | ||
| 041 | _aspa | ||
| 245 | 1 | 0 |
_aSeñal _b:Memoria de la promoción 1969 |
| 260 |
_aPamplona : _bEunsa _c, 1969 |
||
| 300 |
_a147 p.; _c26 cm |
||
| 650 | 0 | 4 |
_aPeriodismo-Navarra _9377222 |
| 942 | _cBK | ||
| 999 |
_c813668 _d813668 |
||